All Swiss Wars - Statistics

General Stats
  • This quiz has been taken 24 times
  • The average score is 6 of 20
Answer Stats
Years War % Correct
1798-1802 2nd Coalition
75%
1806-1807 4th Coalition
75%
1809 5th Coalition
75%
1813-1814 6th Coalition
75%
1815 7th Coalition
75%
2003-2008 War in Afghanistan
69%
1847 Sonderbund War
44%
1802 Stecklikrieg
25%
1474-1477 Burgundian Wars
13%
1440-1446 Old Zurich War
13%
1653 Swiss Peasant War
13%
1529 1st Kappel War
6%
1656 1st War of Villmergen
6%
1531 2nd Kappel War
6%
1712 2nd War of Villmergen
6%
1830 Freiamtersturm
6%
1962-1966 Jura Conflict
6%
1511-1516 League of Cambrai
6%
1531 Musso War
6%
1499 Swabian Wars
6%
No matching quizzes found
Score Distribution
Percent of People with Each Score
Percentile by Number Answered
Your Score History
You have not taken this quiz